| 000 | 01446nam a2200325 i 4500 | ||
|---|---|---|---|
| 003 | CSPC | ||
| 005 | 20250210141627.0 | ||
| 008 | 250210s2000 nyu 000 0 eng d | ||
| 020 | _a9780062353597 | ||
| 040 |
_cCSPC _aCSPC _beng _erda |
||
| 050 | 0 | 4 |
_aPS3617.U57 _bD85 2000 |
| 100 | 1 |
_aQuinn, Julia, _eauthor. |
|
| 245 | 1 | 4 |
_aThe duke and I / _cJulia Quinn. |
| 264 | 1 |
_aNew York : _bAvon Books, _c2000 |
|
| 300 |
_a452 pages ; _c17 cm. |
||
| 336 |
_atext _2rdacontent |
||
| 337 |
_aunmediated _2rdamedia |
||
| 338 |
_avolume _2rdacarrier |
||
| 490 |
_aAvon historical romance, _aThe Bridgerton series ; _v1 |
||
| 520 | _aBy all accounts, Simon Basset is on the verge of proposing to his best friend's sister--the lovely and almost-on-the-shelf--Daphne Bridgerton. But the two of the know the truth--it's all an elaborate ruse to keep Simon free from marriage-minded society mothers. And as for Daphne, surely she will attract some worthy suitors now that it seems a duke has declared her desirable ... | ||
| 650 | 4 |
_aMate selection _vFiction. |
|
| 650 | 4 |
_aMarriage _vFiction. |
|
| 650 | 4 |
_aAristocracy (Social class) _zEngland _xFiction. |
|
| 650 | 4 |
_aRegency _zEngland _xFiction. |
|
| 651 |
_aEngland _y19th century _xFiction. |
||
| 655 | _aRomance fiction. | ||
| 655 | _aHistorical fiction. | ||
| 942 |
_2ddc _n0 _cBK _h813.6 _iQ443d _kFIC _m2000 |
||
| 999 |
_c28799 _d28799 |
||